000 00711nam a22002297a 4500
003 DO-SdBNP
005 20230131091613.0
007 ta
008 220714b2019 |||a|||j f||| 011|0 spa d
020 _a9789945805093
040 _aDO-SdBNP
_bspa
_cBNPHU
082 4 _222
_a861.5
_bA347p
100 1 0 _aAlcántara Contreras, Ian
_d1992 -
_982001
245 1 0 _aPerfecta stormenta /
_cIan Alcántara Contreras ;edicción Marivell Contreras
260 _aSanto Domingo :
_bBúho,
_c2019.
300 _a70 p. :
_c21 cm
590 _aInventariado, 2022 / SA
650 4 0 _963346
_aPoesía dominicana
650 4 0 _910644
_aVersos libres
700 1 _aContreras, Marivell
_ecuidado de edicción
_912302
942 _2ddc
_cLBS1
999 _c52177
_d52177